000 nam a22 7a 4500
999 _c40959
_d40959
003 OSt
005 20180127154913.0
008 180127b xxu||||| |||| 00| 0 eng d
040 _csero soft
100 _aJain,Indu
245 _aScience (Sem -1)
260 _aLucknow
_bThakur Pub Pvt Ltd
300 _a175
942 _2ddc
_c01